01075nam a2200289Ia 4500001001200000003000800012006001900020007001500039008004100054010001700095020001500112020002800127040002100155035002000176050002800196245008900224260004800313300002400361533015200385650002000537650001900557655002900576700002000605710001700625856012600642999001700768ebr10091850CaPaEBRm u cr cn|||||||||040113s2005 nyua s 000 0 eng d z 04000655  z0195183142 z0195152344 (alk. paper) aCaPaEBRcCaPaEBR a(OCoLC)6232346114aQH585.5.F56bS55 2005eb00aFlow cytometry for biotechnologyh[electronic resource] /cedited by Larry A. Sklar. aNew York :bOxford University Press,c2005. axii, 388 p. :bill. aElectronic reproduction.bPalo Alto, Calif. :cebrary,d2009.nAvailable via World Wide Web.nAccess may be limited to ebrary affiliated libraries. 0aFlow cytometry. 0aBiotechnology. 7aElectronic books.2local1 aSklar, Larry A.2 aebrary, Inc.40uhttp://site.ebrary.com/lib/rucke/Doc?id=10091850zAn electronic book accessible through the World Wide Web; click to view c52596d52596